| 000 | 00643nam a22002057a 4500 | ||
|---|---|---|---|
| 005 | 20250114153714.0 | ||
| 010 | _aENG-143401 | ||
| 020 |
_c850.00 _a9788196241032 |
||
| 035 | _aEN-126933 | ||
| 037 | _bDBAD | ||
| 082 | _a346.048 | ||
| 100 |
_aChatterji, Souvik _976558 |
||
| 245 | 0 | 0 |
_aTextbook on Equity, Trusts, Specific Relief, Easements and Property Law/ _cby Souvik Chatterji |
| 250 | _a1 | ||
| 260 |
_aGurgaon _bLexis Nexis _c2023 |
||
| 270 |
_a14th Floor, Bldg. No.10, Tower-B, DLF Cyber City, Phase-II _bGurgaon _e122002 |
||
| 300 |
_axl,682p. _c24cm(pb) |
||
| 700 | _976552 | ||
| 942 |
_2ddc _cEN _h346.048 _mCHA |
||
| 999 |
_c208484 _d208484 |
||